Medzinárodný finančný manažment bilaterálny študijný program nemeckofónneho štúdia medzi Ekonomickou univerzitou v Bratislave a Univerzitou Martina Luthera v Halle-Wittenberg na akademický rok 2005/2006

Uložené v:
Podrobná bibliografia
Korporácia: Ekonomická univerzita v Bratislave, Martin-Luther-Universität Halle-Wittenberg
Médium: Kniha
Jazyk:Slovak
Vydavateľské údaje: Bratislava Ekonomická univerzita v Bratislave 2005
Predmet:
Tagy: Pridať tag
Žiadne tagy, Buďte prvý, kto otaguje tento záznam!

MARC

LEADER 00000nam$a2200000$$$4500
001 0033678
005 20240318125652.3
041 0 |a slo 
044 |a SK 
245 1 0 |a Medzinárodný finančný manažment  |b bilaterálny študijný program nemeckofónneho štúdia medzi Ekonomickou univerzitou v Bratislave a Univerzitou Martina Luthera v Halle-Wittenberg na akademický rok 2005/2006 
264 1 |a Bratislava  |b Ekonomická univerzita v Bratislave  |c 2005 
300 |a 48 s. 
610 2 0 |a programy študijné 
610 2 0 |a školy vysoké 
610 2 0 |a univerzity 
610 2 0 |a spolupráca medzinárodná 
610 2 0 |a veda ekonomická 
610 2 0 |a nemčina 
610 2 0 |a manažment finančný 
610 2 0 |a manažment medzinárodný 
610 2 0 |a Slovensko 
610 2 0 |a Nemecko 
610 2 0 |a 2005-2006 
710 2 |a Ekonomická univerzita v Bratislave 
710 2 |a Martin-Luther-Universität Halle-Wittenberg